Розслідування шахрайств, учинених із використанням мережі "Інтернет" (Запис № 458821)
[ простий вигляд ]
| 000 -Лідер | |
|---|---|
| fixed length control field | 04539nam a22002657a 4500 |
| 001 - Контрольний номер | |
| control field | 5150503 |
| 003 - Ідентифікатор контрольного номера | |
| control field | UA-OsUOA |
| 005 - Дата та час останнього входження (трансакції) | |
| control field | 20201109134719.0 |
| 008 - Елементи даних фіксованої довжини – загальна інформація | |
| fixed length control field | 200413b un ||||| m||| 00| 0 ukr d |
| 040 ## - Джерело каталогізації | |
| Агенція оригінальної каталогізації | UA-OsUOA |
| Мова каталогізації | ukr |
| Агенція, яка здійснювала перезапис | UA-OsUOA |
| Агенція, яка здійснювала модифікацію | UA-OsUOA |
| 041 ## - Код мови | |
| Код мови тексту/ звукової доріжки чи окремого заголовка (П) | ukr |
| 080 ## - Індекс Універсальної десяткової класифікації | |
| Індекс Універсальної десяткової класифікації (УДК) (НП) | 343.98:343.357(477) |
| 090 ## - Локальний шифр розміщення | |
| Класифікаційний індекс УДК | 343.98:343.357(477) |
| 095 ## - Код спеціальності для авторефератів | |
| Код спеціальності | 12.00.09 |
| Назва спеціальності | кримінальний процес та криміналістика; судова експертиза; оперативно-розшукова діяльність |
| 100 ## - Основне введення – ім’я особи | |
| Ім’я особи (НП) | Самойлов С. В. |
| 245 ## - Відомості про назву | |
| Назва (НП) | Розслідування шахрайств, учинених із використанням мережі "Інтернет" |
| Дані про відповідальність (НП) | Самойлов Станіслав Вадимович ; наук. керівник Одерій Олексій Володимирович |
| 260 ## - Публікація, розповсюдження і т.п. (Вихідні дані) | |
| Місце публікації, розповсюдження і т.п. (П) | Донецьк |
| Дата публікації, розповсюдження і т.п. (П) | 2014 |
| 300 ## - Фізичний опис | |
| Обсяг | 18 с. |
| 502 ## - Примітка про дисертацію | |
| Зв'язок | Автореферат дисертації на здобуття наукового ступеня кандидата юридичних наук<br/> |
| Наймення інституції, що представляється | Донецький юридичний інститут |
| Рік отримання вченого ступеня | 2014 |
| 520 ## - Резюме і т.п. | |
| Резюме, реферат, анотація, тощо (НП) | Дисертація є комплексною науковою розробкою із розслідування шахрайств, що вчиняються з використанням мережі "Інтернет". Визначено, що саме мережа "Інтернет" є специфічним середовищем для вчинення розглядуваних злочинів. Подано кримінально-правову характеристику та висвітлено деякі питання кваліфікації означеного виду злочинів. Наведено криміналістичну характеристику досліджуваних злочинів. Окрему увагу приділено способам учинення та відповідним слідам злочинної діяльності.<br/>У роботі детально розглянуто особливості початкового етапу розслідування шахрайств, учинених із використанням мережі «Інтернет». Окремо досліджено питання отримання інформації про правопорушення та прийняття рішення про початок кримінального провадження. Наведено типові слідчі ситуації початкового етапу розслідування та розроблено відповідні їм слідчі версії і алгоритми їх перевірки. Приділено увагу особливостям витребування інформації від установ та організацій під час розслідування шахрайств, учинених із використанням мережі "Інтернет".<br/>Досліджено особливості тактики проведення окремих слідчих дій під час розслідування зазначеного виду шахрайств. Наведено рекомендації щодо тактики слідчого огляду комп’ютерних систем та їх елементів. Розроблено пропозиції щодо тактики допиту потерпілих, свідків та підозрюваних у вчинені злочину. Запропоновано орієнтовний перелік питань до допитуваного з урахуванням його процесуального статусу та способу вчиненого шахрайства. Розглянуто особливості застосування спеціальних знань різними суб’єктами, наведено питання, що можуть вирішуватись у межах експертного дослідження. Запропоновано заходи для попередження досліджуваних шахрайств. |
| 650 ## - Додаткове предметне введення – тематичний термін | |
| Джерело заголовка чи терміна | UDC |
| Тематичний термін чи географічна назва, як елемент введення (НП) | 343 Кримінальне право. Карні порушення |
| 942 ## - Додаткові елементи входу (Коха) | |
| Source of classification or shelving scheme | Universal Decimal Classification |
| Тип елемента Koha | Автореферат |
| 955 ## - Код типу видання за змістом | |
| Код типу видання за змістом (НП) | Наукові видання |
Немає доступних примірників.